Normal view MARC view

Entry Topical Term

Number of records used in: 1

001 - CONTROL NUMBER

  • control field: 18841

003 - CONTROL NUMBER IDENTIFIER

  • control field: OSt

005 - DATE AND TIME OF LATEST TRANSACTION

  • control field: 20201023152734.0

008 - FIXED-LENGTH DATA ELEMENTS

  • fixed length control field: 201023|| aca||aabn | a|a d

040 ## - CATALOGING SOURCE

  • Original cataloging agency: OSt
  • Transcribing agency: OSt

150 ## - HEADING--TOPICAL TERM

  • Topical term or geographic name entry element: New product development, NPD collaboration, Reward interdependence, Nonfinancial incentives, Team size, Deep-level team heterogeneity

670 ## - SOURCE DATA FOUND

  • Source citation: Work cat.: (OSt): Zhang, Zhen, Ahang, Lianying and Li, Alibin. 18840, Investigating the effects of reward interdependence and nonfinancial incentives on NPD collaboration in diverse project teams

Powered by Koha